Phonological knowledge : Conceptual and empirical issues

محفوظ في:
التفاصيل البيبلوغرافية
المؤلف الرئيسي: Roberts, Noel Burton
التنسيق: كتاب
اللغة:Undetermined
منشور في: Oxford Oxford University Press 2000
الموضوعات:
الوسوم: إضافة وسم
لا توجد وسوم, كن أول من يضع وسما على هذه التسجيلة!
Thư viện lưu trữ: Trung tâm Học liệu Trường Đại học Cần Thơ
LEADER 00645nam a2200217Ia 4500
001 CTU_88444
008 210402s9999 xx 000 0 und d
020 |c 832000 
082 |a 414 
082 |b R643 
100 |a Roberts, Noel Burton 
245 0 |a Phonological knowledge : 
245 0 |b Conceptual and empirical issues 
245 0 |c Noel Burton-Roberts, Philip Carr, Gerard Docherty 
260 |a Oxford 
260 |b Oxford University Press 
260 |c 2000 
650 |a Grammar, comparative and general,Psycholinguistics 
650 |x Phonology 
904 |i Giang,Hải 
980 |a Trung tâm Học liệu Trường Đại học Cần Thơ